000 00965cad a22002535a 4500
001 L159009
008 121219e2015 xxk 000 0 eng d
035 _a(Sirsi) u159009
041 0 _aeng
100 1 _aWilkinson, Sarah
245 0 0 _aTurning data into value
_h[electronic resource]
260 _c2015
490 _aRICS Property Journal
_vDecember 2015 - January 2016, 32-33(2)
520 _aExplores 'value dimension' of BIM, which presents rich opportunities for property professionals throughout the building life cycle.
650 2 4 _aBIM
_96219
650 2 4 _aPROPERTY LIFECYCLE
650 2 4 _aCORPORATE REAL ESTATE MANAGEMENT
650 2 4 _aFacilities management
_96240
651 4 _aUnited Kingdom
_y
690 _aProperty management
_96262
710 _aRoyal Institution of Chartered Surveyors
_94900
856 4 0 _uhttps://www.rics.org/uk/news/journals/property-journal
_zView the journal free of charge at www.rics.org/journals...
942 _n0
999 _c84769
_d84769